000 01026cab a2200385 4500
001 ABS51542
008 090401t1994 xxu||||| |||| 00| 0 eng d
035 _a(Sirsi) u32604
041 _aeng
245 _aFocus `94: M25 junctions 8-15
260 _c1994
350 _a0
490 _aEstates Gazette
_v(9441) 15 October 1994, 83-123(16)
650 _aBUSINESS SPACE MARKET
650 _aCHERTSEY
650 _aDORKING
650 _aEGHAM
650 _aEPSOM
650 _aGUILDFORD
650 _aHEATHROW
650 _aKINGSTON
650 _aLEATHERHEAD
650 _aM25 CORRIDOR
650 _aPROPERTY-COMMERCIAL PROPERTY-OFFICE PROPERTY-OFFICE PROPERTY MARKET
650 _aREDHILL
650 _aREIGATE
650 _aPROPERTY-COMMERCIAL PROPERTY-RETAIL PROPERTY-RETAIL PROPERTY MARKET
650 _aSTAINES
650 _aSUTTON
650 _aWEYBRIDGE
650 _aWOKING
690 _aPROPERTY-COMMERCIAL PROPERTY-COMMERCIAL PROPERTY MARKET
942 _n0
948 _c04/03/1997
999 _c21815
_d21815